| 000 | 00984cam a2200361 i 4500 | ||
|---|---|---|---|
| 001 | 93115 | ||
| 003 | OSt | ||
| 005 | 20180116183025.0 | ||
| 008 | 820823s1978 pk b 001 0 eng | ||
| 010 | _a 78930995 | ||
| 020 | _cRs45.00 | ||
| 035 | _a(OCoLC)4858165 | ||
| 035 | _a(OCoLC)ocm04858165 | ||
| 035 | _a(CStRLIN)NYCG82-B35571 | ||
| 035 | _a(NNC)93115 | ||
| 040 |
_dNNC _c0 |
||
| 043 | _aa-pk--- | ||
| 050 | 0 |
_aBP173.75 _b.I37 |
|
| 082 | _a297.19785095491 AZA 1978 | ||
| 090 |
_aBP173.75 _b.I37 |
||
| 100 | 0 |
_aIkram Azam, _d1940- |
|
| 245 | 1 | 0 |
_aPakistan and Islamic Economics _cby Ikram Azam. |
| 250 | _a1st ed. | ||
| 260 |
_aLahore : _bAmir Publications, _c1978. |
||
| 300 |
_a183, [1] p. ; _c22 cm. |
||
| 440 | _aPakistan and Islamic Economics | ||
| 500 | _aIncludes index. | ||
| 504 | _aBibliography: p. 169-178. | ||
| 650 | 0 |
_aEconomics _xReligious aspects _xIslam. |
|
| 651 | 0 |
_aPakistan _xEconomic policy. |
|
| 942 |
_2ddc _cBK |
||
| 999 |
_c350772 _d350772 |
||